书目信息 |
| 题名: |
从桂林公馆到荟珍屋
|
|
| 作者: | 赵文龙 著 | |
| 分册: | ||
| 出版信息: | 上海 上海文化出版社 2020.09 |
|
| 页数: | 223页 | |
| 开本: | 21cm | |
| 丛书名: | ||
| 单 册: | ||
| 中图分类: | G262.5 , G262 | |
| 科图分类: | ||
| 主题词: | 家具--jia ju--收藏--中国--古代 | |
| 电子资源: | ||
| ISBN: | 978-7-5535-2061-2 | |
| 000 | 00860nam0 2200241 450 | |
| 001 | 2331185202 | |
| 005 | 20231126083957.76 | |
| 010 | @a978-7-5535-2061-2@b精装@dCNY68.00 | |
| 100 | @a20201120d2020 em y0chiy50 ea | |
| 101 | 0 | @achi |
| 102 | @aCN@b310000 | |
| 105 | @aac z 000yy | |
| 200 | 1 | @a从桂林公馆到荟珍屋@Acong gui lin gong guan dao hui zhen wu@f赵文龙著 |
| 210 | @a上海@c上海文化出版社@d2020.09 | |
| 215 | @a223页@c图, 肖像@d21cm | |
| 314 | @a赵文龙, 现任上海收藏鉴赏家协会理事, 上海市松江区收藏家协会会长。 | |
| 330 | @a 本书作者从自己的收藏经历入手, 介绍了他的收藏历程、收藏理念、收藏方法、收藏心得, 梳理总结的同时, 希望给人们带来一些启发和助益。 | |
| 606 | 0 | @a家具@Ajia ju@x收藏@y中国@z古代 |
| 690 | @aG262.5@v5 | |
| 690 | @aG262@v4 | |
| 701 | 0 | @a赵文龙@Azhao wen long@4著 |
| 801 | @aCN@b山东中教@c20231121 | |
| 905 | @aBZT@dG262@e6 | |
| 从桂林公馆到荟珍屋/赵文龙著.-上海:上海文化出版社,2020.09 |
| 223页:图, 肖像;21cm |
| ISBN 978-7-5535-2061-2(精装):CNY68.00 |
| 本书作者从自己的收藏经历入手, 介绍了他的收藏历程、收藏理念、收藏方法、收藏心得, 梳理总结的同时, 希望给人们带来一些启发和助益。 |
| ● |
| 相关链接 |
|
|
|
正题名:从桂林公馆到荟珍屋
索取号:G262/6
 
预约/预借
| 序号 | 登录号 | 条形码 | 馆藏地/架位号 | 状态 | 备注 |
| 1 | 2001052571 | 2001052571 | 中教第一批/山东中教(第一批)/713/ [索取号:G262/6] | 在馆 | |
| 2 | 2001052572 | 2001052572 | 中教第一批/山东中教(第一批)/713/ [索取号:G262/6] | 在馆 | |
| 3 | 2001052573 | 2001052573 | 中教第一批/山东中教(第一批)/713/ [索取号:G262/6] | 在馆 | |
| 4 | 2001052574 | 2001052574 | 中教第一批/山东中教(第一批)/713/ [索取号:G262/6] | 在馆 | |
| 5 | 2001052575 | 2001052575 | 中教第一批/山东中教(第一批)/713/ [索取号:G262/6] | 在馆 | |
| 6 | 2001052576 | 2001052576 | 中教第一批/山东中教(第一批)/713/ [索取号:G262/6] | 在馆 |